|
|
|
|
| LEADER |
00000nas a2200000 a 4500 |
| 001 |
ssj0000402448 |
| 003 |
WaSeSS |
| 005 |
20200512172242.0 |
| 006 |
m d |
| 007 |
cr n |
| 008 |
100309d20112016cauqr pss 0 a0eng |
| 010 |
|
|
|a 2010201813
|
| 022 |
|
|
|a 2153-764X
|y 2153-8018
|
| 035 |
|
|
|a (WaSeSS)ssj0000402448
|
| 037 |
|
|
|b University of California Press, Journals and Digital Publishing, 2000 Center Street, Suite 303, Berkeley, CA 94704-1223
|
| 040 |
|
|
|a DLC
|b eng
|c DLC
|d EYM
|d DLC
|d OCLCQ
|d OCLCF
|d OCLCQ
|d JPG
|d VT2
|d WaSeSS
|
| 042 |
|
|
|a pcc
|a nsdp
|
| 043 |
|
|
|a n-us-ca
|
| 050 |
1 |
4 |
|a D658.C2
|
| 082 |
1 |
0 |
|a 917.94035
|2 14
|
| 130 |
0 |
|
|a Boom (Berkeley, Calif. : Online)
|
| 222 |
|
0 |
|a Boom
|b (Berkeley, Calif. Online)
|
| 245 |
1 |
0 |
|a Boom
|h [electronic resource].
|
| 260 |
|
|
|a Berkeley, CA :
|b University of California Press, Journals and Digital Pub.,
|c ©2011-©2016.
|
| 310 |
|
|
|a Quarterly
|
| 362 |
1 |
|
|a Began with v. 1, no. 1 (spring 2011); ceased with: Vol. 6, no. 4 (winter 2016).
|
| 500 |
|
|
|a "A journal of California."
|
| 506 |
|
|
|a License restrictions may limit access.
|
| 588 |
|
|
|a Description based on: Vol. 1, no. 1 (spring 2011); title from PDF cover (JSTOR, viewed Apr. 7, 2011).
|
| 588 |
|
|
|a Latest issue consulted: Vol. 6, no. 4 (winter 2016) (viewed Aug. 29, 2017).
|
| 651 |
|
0 |
|a California
|v Periodicals.
|
| 651 |
|
7 |
|a California.
|2 fast
|0 (OCoLC)fst01204928
|
| 655 |
|
0 |
|a Electronic journals.
|
| 776 |
0 |
8 |
|i Print version:
|t Boom (Berkeley, Calif.)
|x 2153-8018
|w (DLC) 2010201827
|w (OCoLC)549630533
|
| 785 |
0 |
0 |
|t Boom California
|w (OCoLC)1001959081
|
| 856 |
4 |
0 |
|z Full text available from Research Library: 04/01/2011 to 12/31/2012
|u https://search.proquest.com/publication/616383
|